Význam separovaného zberu odpadu v meste Svätý Jur pri Bratislave bakalárska práca

Salvato in:
Dettagli Bibliografici
Autore principale: Tomšíková, Michaela
Ente Autore: Obchodná fakulta EU. Katedra služieb a cestovného ruchu - zrušené
Altri autori: Dendiš, Ľubomír
Natura: Libro
Lingua:slovacco
Pubblicazione: Bratislava 2010
Tags: Aggiungi Tag
Nessun Tag, puoi essere il primo ad aggiungerne!!

MARC

LEADER 00000nam$a2200000$$$4500
001 0134465
005 20240320074633.1
041 0 |a slo 
044 |a SK 
245 1 0 |a Význam separovaného zberu odpadu v meste Svätý Jur pri Bratislave  |b bakalárska práca  |c Michaela Tomšíková ; školiteľ: Ľubomír Dendiš 
264 1 |a Bratislava  |c 2010 
300 |a 55 s. 
100 1 |a Tomšíková, Michaela 
700 1 |a Dendiš, Ľubomír 
710 2 |a Obchodná fakulta EU. Katedra služieb a cestovného ruchu - zrušené